Krása : Od paleolitu ke kýči /
Uložené v:
| Hlavný autor: | |
|---|---|
| Médium: | Kniha |
| Jazyk: | Czech |
| Vydavateľské údaje: |
Praha :
Galén,
2023
|
| Vydanie: | 1. vydanie |
| Predmet: | |
| Tagy: |
Žiadne tagy, Buďte prvý, kto otaguje tento záznam!
|
MARC
| LEADER | 00000nam a22000003a 4500 | ||
|---|---|---|---|
| 001 | 0101767 | ||
| 003 | SK-STU | ||
| 005 | 20230509164353.8 | ||
| 007 | ta | ||
| 008 | 230509s ----xo-----e------000-0-----d | ||
| 020 | |a 978-80-7492-640-2 | ||
| 040 | |a STU |b slo | ||
| 041 | 0 | |a cze | |
| 044 | |a xr | ||
| 100 | 1 | |a Koukolík, František |4 aut | |
| 245 | 1 | 0 | |a Krása : |b Od paleolitu ke kýči / |c aut. František Koukolík |
| 250 | |a 1. vydanie | ||
| 260 | |a Praha : |b Galén, |c 2023 | ||
| 300 | |a 179 s. | ||
| 650 | 0 | 7 | |a dejiny |
| 650 | 0 | 7 | |a spoločnosť |
| 650 | 0 | 7 | |a teória |
| 650 | 0 | 7 | |a prežívanie |
| 650 | 0 | 7 | |a výtvarné umenie |
| 650 | 0 | 7 | |a hudba |
| 650 | 0 | 7 | |a matematika |
| 996 | |b 284AU09657 |c A* 13019/U |l AAKNST |s P |a 0 |w 0101767_0001 | ||
| 996 | |b 284AU09658 |c A* 13020/U |l AAKNAR |s A |a 24 |w 0101767_0002 | ||